000 00653nam a22002057a 4500
999 _c10886
_d10886
003 AR-CdUCM
008 190402b ||||| |||| 00| 0 spa d
040 _aMUNICIPALIDAD PROVINCIAL DEL CUSCO
_cBIBLIOTECA MUNICIPAL DEL CUSCO
082 _aC / 808.1 /
_bT17
100 _aTamayo Herrera, José Armando
_92300
245 _aFenomenología de la creación poética /
260 _aCusco :
_bH. G. Rozas,
_c1962.
300 _a50 páginas ;
_c25 cm.
505 _aContenido: Fenomenología de la creación poética.
650 _aLiteratura Peruana
_9132
650 _aPoética
_9391
650 _aSiglo XX
_98
942 _2ddc
_cLIBROS
945 _aachl